000 02618nam a2200577 i 4500
001 45266
003 KOSZ 005
005 20240405063148.0
008 220601s2004 pl a g 100 0 pol
015 _aUWD 2007/17944
020 _a8387088722
035 _a991025144969705066
035 _a(PL-WaBN)b1685956x-48omnis_nlop
035 _ab1685956x
035 _a(OCoLC)749661914
035 _azz2004916368
035 _a(PL)b0000001685956
035 _a(EXLNZ-48OMNIS_NETWORK)9910415414205606
040 _aWA N
_cWA N
_dKOSZ 005/RW
046 _k2004
080 _a323.15(476=162.1)"1991/..."
245 0 0 _aBlisko, a tak daleko :
_bPolacy w obwodzie brzeskim na Białorusi = Blìzka, a tak dalëka : Palâkì ŭ Brèsckaj voblascì ŭ Belarusì /
_credakcja naukowa Adam Bobryk ; [recenzent pro. dr hab. Edward Pawłowski] ; Siedleckie Towarzystwo Naukowe ; Stowarzyszenie "Wspólnota Polska" Oddział w Siedlcach.
246 3 0 _aPolacy w obwodzie brzeskim na Białorusi
246 3 1 _aBlìzka, a tak dalëka :
_bPalâkì ŭ Brèsckaj voblascì ŭ Belarusì
260 _aWarszawa :
_bSiedleckie Towarzystwo Naukowe ;
_aSiedlce :
_bStowarzyszenie "Wspólnota Polska". Oddział,
_c2004.
300 _a307 stron :
_bilustracje ;
_c24 cm.
336 _aTekst
_btxt
_2rdacontent
337 _aBez urządzenia pośredniczącego
_bn
_2rdamedia
338 _aWolumin
_bnc
_2rdacarrier
380 _aKsiążki
380 _aPublikacje naukowe
388 1 _a2001-
500 _aMateriały z międzynarodowej konferencji naukowej "Ludność polska na terenie obwodu brzeskiego w Republice Białoruskiej", która odbyła się 27 maja 2002 r. w Akademii Podlaskiej w Siedlcach.
546 _aNa stronie tytułowej także tytuł w języku rosyjskim. Spis treści także w języku białoruskim i rosyjskim.
648 7 _a1901-2000
_2DBN
648 7 _a1989-2000
_2DBN
648 7 _a2001-
_2DBN
650 7 _aPolacy za granicą
_2DBN
650 7 _aStosunki etniczne
_2DBN
650 7 _aReligia
651 7 _aBrześć (Białoruś, obw. brzeski ; okolice)
_2DBN
655 7 _aMateriały konferencyjne
_2DBN
658 _aHistoria
658 _aSocjologia i społeczeństwo
700 1 _aBobryk, Adam
_d(1967- )
_eRedakcja
700 1 _aKospath-Pawłowski, Edward
_d(1941-2016)
_eRecenzja
710 2 _aSiedleckie Towarzystwo Naukowe
_4pbl
856 _uhttp://koha.tu.koszalin.pl/cgi-bin/koha/opac-detail.pl?biblionumber=45266
_yKatalog online BPK
942 _2UKD
_cKS
999 _c45266
_d45266